Cómo comprender las enfermedades psicosomáticas (Record no. 135300)
[ view plain ]
| 000 -LEADER | |
|---|---|
| campo de control de longitud fija | 00758nam a2200229 i 4500 |
| 001 - NÚMERO DE CONTROL | |
| campo de control | 135300 |
| 003 - IDENTIFICADOR DE NÚMERO DE CONTROL | |
| campo de control | ES-MaACL |
| 005 - FECHA Y HORA DE LA ÚLTIMA TRANSACCIÓN | |
| campo de control | 20230906194843.0 |
| 007 - CAMPO FIJO DE DESCRIPCIÓN FÍSICA--INFORMACIÓN GENERAL | |
| campo de control de longitud fija | t| |
| 008 - DATOS DE LONGITUD FIJA--INFORMACIÓN GENERAL | |
| campo de control de longitud fija | 070716s1978 sp ||||1| spa d |
| 100 1# - ENTRADA PRINCIPAL--NOMBRE DE PERSONA | |
| Nombre de persona | Tordjaman, Gilbert. |
| 9 (RLIN) | 110629 |
| 245 10 - MENCIÓN DEL TÍTULO | |
| Título | Cómo comprender las enfermedades psicosomáticas |
| Resto del título | : conversación con Paule Pérez / |
| Mención de responsabilidad, etc. | Gilbert Tordjman ; [traducción: Carlos Peralta]. |
| 250 ## - MENCION DE EDICION | |
| Mención de edición | [1ª ed.]. |
| 260 ## - PUBLICACIÓN, DISTRIBUCIÓN, ETC. | |
| Lugar de publicación, distribución, etc. | [Barcelona : |
| Nombre del editor, distribuidor, etc. | Granica, |
| Fecha de publicación, distribución, etc. | 1978] |
| 300 ## - DESCRIPCIÓN FÍSICA | |
| Extensión | 113 p. ; |
| Dimensiones | 20 cm. |
| 490 1# - MENCIÓN DE SERIE | |
| Mención de serie | Psicoteca mayor. Serie Práctica |
| 700 1# - ENTRADA AGREGADA--NOMBRE PERSONAL | |
| Nombre de persona | Pérez, Paule. |
| 9 (RLIN) | 90605 |
| 700 1# - ENTRADA AGREGADA--NOMBRE PERSONAL | |
| Nombre de persona | Peralta, Carlos. |
| 9 (RLIN) | 90368 |
| 830 0# - PUNTO DE ACCESO ADICIONAL DE SERIE-TÍTULO UNIFORME | |
| Título uniforme | Psicoteca mayor. Serie Práctica |
| 9 (RLIN) | 219912 |
| 852 ## - LOCALIZACIÓN | |
| Ubicación | ES-MaACL |
| Número de control de estantería | A-8610 |
| Sublocalización o colección | R.97580 |
| Estatus retirado | Estado de pérdida | Estado de daño | No para préstamo | Biblioteca de origen | Biblioteca actual | Ubicación en estantería | Fecha de adquisición | Fuente de adquisición | Total de préstamos | Signatura topográfica completa | Código de barras | Visto por última vez | Precio de reemplazo | Tipo de ítem Koha |
|---|---|---|---|---|---|---|---|---|---|---|---|---|---|---|
| Biblioteca del Ateneo de Madrid | Biblioteca del Ateneo de Madrid | Depósito 1 | 17/01/2008 | A-8610 | 1140823 | 23/02/2023 | 23/02/2023 | Libro impreso |
